All countries to compete in a world darts championships BDO/PDC - Statistics

General Stats
  • This quiz has been taken 202 times
  • The average score is 33 of 42
Answer Stats
Continent Answer % Correct
Europe England
98%
Oceania Australia
97%
N.America Canada
97%
N.America United States
97%
Europe Germany
95%
Europe Netherlands
95%
Europe Scotland
95%
Europe Sweden
95%
Asia Japan
94%
Europe Spain
94%
Europe Belgium
93%
Asia China
93%
Europe Ireland
93%
Europe Wales
93%
Oceania New Zealand
91%
Europe Russia
90%
Europe Finland
89%
Europe Northern Ireland
89%
Africa South Africa
89%
Europe Austria
88%
Europe Norway
86%
Europe Poland
86%
Europe Portugal
86%
Europe Denmark
85%
Europe Latvia
81%
Asia India
79%
Europe Greece
77%
Europe Lithuania
77%
Asia Croatia
74%
Asia Singapore
72%
Europe Hungary
71%
Europe Slovenia
66%
Europe Serbia
64%
Asia Thailand
63%
Europe Czech Republic
61%
Asia Philippines
61%
Asia Hong Kong
59%
Asia Malaysia
58%
S.America Guyana
53%
N.America Barbados
41%
Europe Gibraltar
36%
Africa Zimbabwe
35%
No matching quizzes found
Score Distribution
Percent of People with Each Score
Percentile by Number Answered
Your Score History
You have not taken this quiz